Politics mainly Indian (Record no. 349546)
[ view plain ]
| 000 -LEADER | |
|---|---|
| fixed length control field | 00355cam a22001217a 4500 |
| 008 - FIXED-LENGTH DATA ELEMENTS--GENERAL INFORMATION | |
| fixed length control field | 180718b1978 xxu||||| |||| 00| 0 eng d |
| 082 ## - DEWEY DECIMAL CLASSIFICATION NUMBER | |
| Classification number | F5x54 M834 |
| 100 ## - MAIN ENTRY--PERSONAL NAME | |
| Personal name | Morris-Jones, W.H. |
| 245 ## - TITLE STATEMENT | |
| Title | Politics mainly Indian |
| Statement of responsibility, etc. | by W.H. Morris-Jones |
| 260 ## - PUBLICATION, DISTRIBUTION, ETC. | |
| Place of publication, distribution, etc. | Bombay |
| Name of publisher, distributor, etc. | Orient Longman |
| Date of publication, distribution, etc. | 1978 |
| 300 ## - PHYSICAL DESCRIPTION | |
| Extent | 392p. |
| 650 ## - SUBJECT ADDED ENTRY--TOPICAL TERM | |
| Topical term or geographic name entry element | India --Politics and government --1947- |
| Withdrawn status | Lost status | Damaged status | Not for loan | Permanent Location | Current Location | Date acquired | Total Checkouts | Full call number | Barcode | Date last seen | Date last checked out | Price effective from | Koha item type |
|---|---|---|---|---|---|---|---|---|---|---|---|---|---|
| Indian Institute of Public Administration | Indian Institute of Public Administration | 2009-10-21 | 1 | F5x54 M834 | 57559 | 2020-09-08 | 2020-09-02 | 2018-07-21 | Book | ||||
| Indian Institute of Public Administration | Indian Institute of Public Administration | 2009-10-21 | F5x54 M834 | 55081 | 2018-07-21 | 2018-07-21 | Book | ||||||
| Indian Institute of Public Administration | Indian Institute of Public Administration | 1993-11-01 | F5x54 M834 | 54657 | 2018-07-21 | 2018-07-21 | Book |
